=LDR 00000nam 2200000 4500 =001 INLIS000000000025697 =005 20130612124203 =008 ***********************************Ind** =035 ##$$0010-061300000025697 =041 ##$$a Ind =082 ##$$a From k =090 ##$$a From k, Sca r =100 ##$$a Scarry, Richard =245 ##$$a Riki dan niki sepasang nelayan, Richard Scarry =260 ##$$a 1991 $b Jakarta =300 ##$$a 25 hlm, ilus, 21 cm =650 ##$$a Komik =850 ##$$a NBPNMAT